00250nam a2200097Ia 4500001000800000005001700008008004100025020001800066245004900084260001900133127605220260417160440.0260417s9999 xx 000 0 und d a9786255929587 0aKanatlı Matematik MaceralarıcNancy Krulik bKetebe Çocuk